Spoločnosť založená na vzdelaní východiskom môže byť viaczdrojové financovanie škôl

Úloha vysokého školstva v budúcnosti. Nedostačujúce financie pre vysoké školy zo štátneho rozpočtu. Riešenie vo viaczdrojovom financovaní. Úspechy vysokých škôl v medzinárodnej spolupráci. Pripravovaný 5. rámcový program Európskej únie a jeho aktivity. Potreba legislatívnych opatrení na umožnenie vi...

ver descrição completa

Na minha lista:
Detalhes bibliográficos
Autor principal: Dado, Milan
Formato: Capítulo de Livro
Idioma:eslovaco
Assuntos:
Tags: Adicionar Tag
Sem tags, seja o primeiro a adicionar uma tag!

MARC

LEADER 00000naa a2200000 4500
001 r034253
005 20230824100322.7
041 0 |a slo 
044 |a SK 
245 1 0 |a Spoločnosť založená na vzdelaní  |b východiskom môže byť viaczdrojové financovanie škôl  |c Milan Dado 
520 |a Úloha vysokého školstva v budúcnosti. Nedostačujúce financie pre vysoké školy zo štátneho rozpočtu. Riešenie vo viaczdrojovom financovaní. Úspechy vysokých škôl v medzinárodnej spolupráci. Pripravovaný 5. rámcový program Európskej únie a jeho aktivity. Potreba legislatívnych opatrení na umožnenie viaczdrojového financovania vysokého školstva. 
610 2 0 |a školy vysoké 
610 2 0 |a školstvo 
610 2 0 |a financovanie 
610 2 0 |a vzdelanie vysokoškolské 
610 2 0 |a spolupráca medzinárodná 
610 2 0 |a Slovensko 
610 2 0 |a informatizácia 
610 2 0 |a rozpočet štátny 
610 2 0 |a legislatíva 
610 2 0 |a Európska únia 
100 1 |a Dado, Milan